000 00250nam a2200109Ia 4500
008 190216s9999||||xx |||||||||||||| ||und||
100 _aO N V Kurup
245 0 _aGanamela
260 _b"Modern Book, Kollam"
_c1978
650 _aKavithkal
942 _cBK
999 _c24223
_d24223